[Event "43. Abierto Internacional Ciudad de Mar"]
[Site "Mar del Plata ARG"]
[Date "2012.04.04"]
[Round "6.4"]
[White "Tristan, Leonardo"]
[Black "Garcia Palermo, Carlos"]
[Result "1/2-1/2"]
[WhiteElo "2438"]
[BlackElo "2479"]
[PlyCount "25"]
[EventDate "2012.03.31"]
[EventType "swiss"]
[EventRounds "9"]
[EventCountry "ARG"]
[Source "lmi"]
[SourceDate "2012.03.31"]

1. e4 c6 2. d4 d5 3. Nc3 dxe4 4. Nxe4 Nd7 5. Nf3 Ngf6 6. Ng3 c5 7. dxc5 e6 8.
c6 bxc6 9. Be2 Qb6 10. O-O Be7 11. b3 O-O 12. Bb2 a5 13. Nd2 1/2-1/2

[Event "43. Abierto Internacional Ciudad de Mar"]
[Site "Mar del Plata ARG"]
[Date "2012.04.04"]
[Round "6.5"]
[White "Bitelmarjer, Martin"]
[Black "Ricardi, Pablo"]
[Result "1/2-1/2"]
[WhiteElo "2318"]
[BlackElo "2504"]
[PlyCount "127"]
[EventDate "2012.03.31"]
[EventType "swiss"]
[EventRounds "9"]
[EventCountry "ARG"]
[Source "lmi"]
[SourceDate "2012.03.31"]

1. d4 Nf6 2. c4 e6 3. g3 d5 4. Nf3 Bb4+ 5. Bd2 Be7 6. Bg2 c6 7. Qb3 O-O 8. O-O
Nbd7 9. Bf4 c5 10. dxc5 Nxc5 11. Qc2 b6 12. Nc3 Bb7 13. Rad1 Rc8 14. cxd5 Nxd5
15. Ne5 Bf6 16. e4 Nb4 17. Qb1 Qe8 18. a3 Nc6 19. Nc4 Be7 20. Nb5 Rd8 21. Nbd6
Bxd6 22. Nxd6 Qe7 23. b4 e5 24. bxc5 Ba6 25. Be3 Bxf1 26. Bxf1 Nd4 27. Bxd4
exd4 28. Rxd4 bxc5 29. Nf5 Qe5 30. Rxd8 Rxd8 31. Qc2 g6 32. Ne3 Kg7 33. Nd5 Qd4
34. Kg2 Re8 35. Bd3 Rb8 36. Qc4 Rb2 37. Qxd4+ cxd4 38. a4 Rb3 39. Bb5 Ra3 40.
Kf1 a6 41. Bd7 Ra2 42. Nb4 Rb2 43. Nxa6 d3 44. Ke1 Re2+ 45. Kd1 Rxf2 46. h3 Kf6
47. Nc5 Ke7 48. Bb5 Rf3 49. a5 Kd6 50. Nxd3 Rxg3 51. Nf2 Rg5 52. Bc4 Rxa5 53.
Bxf7 Ke5 54. Ke2 Kf4 55. Bd5 h5 56. Nd3+ Kg3 57. Be6 Ra6 58. Bc8 Rc6 59. Bd7
Rd6 60. Nc5 Kf4 61. Be8 Rb6 62. Kd3 Rd6+ 63. Ke2 Rb6 64. Kd3 1/2-1/2

[Event "43. Abierto Internacional Ciudad de Mar"]
[Site "Mar del Plata ARG"]
[Date "2012.04.04"]
[Round "6.6"]
[White "Mussanti, Diego"]
[Black "Mahia, Gustavo"]
[Result "0-1"]
[WhiteElo "2319"]
[BlackElo "2399"]
[PlyCount "58"]
[EventDate "2012.03.31"]
[EventType "swiss"]
[EventRounds "9"]
[EventCountry "ARG"]
[Source "lmi"]
[SourceDate "2012.03.31"]

1. e4 c5 2. Nf3 e6 3. d4 cxd4 4. Nxd4 a6 5. Nc3 b5 6. Bd3 Qb6 7. Nb3 Qc7 8. O-O
Bb7 9. a3 Nf6 10. Re1 d6 11. Bd2 Nbd7 12. f4 Be7 13. Qf3 O-O 14. Qh3 e5 15. Kh1
Rfe8 16. fxe5 Nxe5 17. Rf1 d5 18. exd5 Nxd3 19. Qxd3 Rad8 20. Bf4 Bd6 21. Bg5
Be5 22. Bxf6 Bxf6 23. Ne4 Bxb2 24. Ng5 g6 25. Qh3 h5 26. Rab1 Qxc2 27. Nxf7
Bxd5 28. Nxd8 Re2 29. Rg1 Rxg2 0-1

[Event "43. Abierto Internacional Ciudad de Mar"]
[Site "Mar del Plata ARG"]
[Date "2012.04.04"]
[Round "6.7"]
[White "Van Riemsdijk, Herman C"]
[Black "Randazzo, Adrian"]
[Result "1-0"]
[WhiteElo "2391"]
[BlackElo "2302"]
[PlyCount "71"]
[EventDate "2012.03.31"]
[EventType "swiss"]
[EventRounds "9"]
[EventCountry "ARG"]
[Source "lmi"]
[SourceDate "2012.03.31"]

1. e4 c5 2. Nf3 d6 3. d4 cxd4 4. Nxd4 Nf6 5. Nc3 a6 6. Bc4 e6 7. Bb3 b5 8. O-O
b4 9. Na4 Bb7 10. f4 Nc6 11. c3 a5 12. Re1 Qb8 13. Nf3 Be7 14. h3 e5 15. f5 h6
16. Be3 Bd8 17. Bf2 O-O 18. Nd2 Na7 19. Nc4 Nb5 20. Ncb6 Bc6 21. Nxa8 Qxa8 22.
Bd5 Nxd5 23. exd5 Bxd5 24. Qg4 bxc3 25. Nxc3 Nxc3 26. bxc3 h5 27. Qxh5 Bxg2 28.
Re3 Bb6 29. Rg3 Bxf2+ 30. Kxf2 Rb8 31. Re1 Bd5 32. f6 Rb2+ 33. Re2 Qa7+ 34. Ke1
g6 35. Qh6 Rb1+ 36. Kd2 1-0

[Event "43. Abierto Internacional Ciudad de Mar"]
[Site "Mar del Plata ARG"]
[Date "2012.04.04"]
[Round "6.9"]
[White "Paveto, Kevin"]
[Black "Duarte, Leonardo"]
[Result "1-0"]
[WhiteElo "2279"]
[BlackElo "2371"]
[PlyCount "66"]
[EventDate "2012.03.31"]
[EventType "swiss"]
[EventRounds "9"]
[EventCountry "ARG"]
[Source "lmi"]
[SourceDate "2012.03.31"]

1. e4 c5 2. Nf3 e6 3. Nc3 a6 4. d4 cxd4 5. Nxd4 Qc7 6. Bd3 Nf6 7. O-O Be7 8.
Nb3 O-O 9. f4 d6 10. Qf3 Nc6 11. Bd2 b5 12. Rae1 Bb7 13. Qh3 g6 14. Kh1 b4 15.
Ne2 a5 16. f5 exf5 17. exf5 Rfe8 18. fxg6 hxg6 19. Bg5 Nh7 20. Rxf7 Nxg5 21.
Qh6 Nxf7 22. Qxg6+ Kf8 23. Rf1 Bf6 24. Qxf6 Nce5 25. Nbd4 Qd8 26. Qh6+ Kg8 27.
Qh7+ Kf8 28. Nf4 Bxg2+ 29. Kxg2 Qg5+ 30. Kh1 Qg8 31. Qf5 Ke7 32. Nd5+ Kf8 33.
Nf6 Qg5 1-0

[Event "43. Abierto Internacional Ciudad de Mar"]
[Site "Mar del Plata ARG"]
[Date "2012.04.04"]
[Round "6.10"]
[White "Pichot, Alan"]
[Black "Lujan, Carolina"]
[Result "1/2-1/2"]
[WhiteElo "2269"]
[BlackElo "2364"]
[PlyCount "81"]
[EventDate "2012.03.31"]
[EventType "swiss"]
[EventRounds "9"]
[EventCountry "ARG"]
[Source "lmi"]
[SourceDate "2012.03.31"]

1. e4 c5 2. Nf3 Nc6 3. d4 cxd4 4. Nxd4 e5 5. Nb5 d6 6. N1c3 a6 7. Na3 Be7 8.
Nd5 Nf6 9. Nxf6+ Bxf6 10. Nc4 Be7 11. Be3 Be6 12. Nb6 Rb8 13. Be2 O-O 14. O-O
Bg5 15. Bxg5 Qxg5 16. c3 Ne7 17. Bc4 Rbd8 18. Nd5 Ng6 19. Qc1 Nf4 20. Nxf4 exf4
21. Bxe6 fxe6 22. f3 Qc5+ 23. Kh1 Rf6 24. Qd2 Qe5 25. Rad1 Rf7 26. Qd4 Qxd4 27.
Rxd4 e5 28. Rd5 Rfd7 29. Rfd1 Kf7 30. c4 Ke6 31. Kg1 Rc8 32. b3 b6 33. Kf2 g5
34. g4 h5 35. gxh5 Rh8 36. b4 Rxh5 37. Kg2 Rhh7 38. a4 Rhg7 39. h3 Rg8 40. Kf2
Re8 41. Rc1 1/2-1/2

[Event "43. Abierto Internacional Ciudad de Mar"]
[Site "Mar del Plata ARG"]
[Date "2012.04.05"]
[Round "7.1"]
[White "Rodriguez, Andres"]
[Black "Flores, Diego"]
[Result "1/2-1/2"]
[WhiteElo "2518"]
[BlackElo "2599"]
[PlyCount "79"]
[EventDate "2012.03.31"]
[EventType "swiss"]
[EventRounds "9"]
[EventCountry "ARG"]
[Source "lmi"]
[SourceDate "2012.03.31"]

1. e4 c5 2. Nf3 e6 3. c3 Nf6 4. Qe2 d5 5. e5 Nfd7 6. g3 c4 7. Bg2 Nc6 8. b3 Nc5
9. O-O cxb3 10. d4 bxa2 11. Rxa2 Ne4 12. Ne1 f5 13. h4 b6 14. Kh2 a5 15. f3 Ba6
16. Qd1 Nxc3 17. Nxc3 Rc8 18. Ne2 Be7 19. Be3 O-O 20. Rf2 Bc4 21. Nf4 Qd7 22.
Ra1 b5 23. Ned3 a4 24. Bf1 Na5 25. Nc5 Bxc5 26. dxc5 Nb3 27. Rb1 d4 28. Bd2 d3
29. Be3 Rfd8 30. Rbb2 b4 31. Bxd3 Bxd3 32. Rxb3 axb3 33. Qxb3 Bb5 34. Rd2 Qxd2+
35. Bxd2 Rxd2+ 36. Ng2 Rd5 37. Nf4 Rd2+ 38. Ng2 Rd5 39. Nf4 Rd2+ 40. Ng2
1/2-1/2

[Event "43. Abierto Internacional Ciudad de Mar"]
[Site "Mar del Plata ARG"]
[Date "2012.04.05"]
[Round "7.2"]
[White "Mareco, Sandro"]
[Black "Van Riemsdijk, Herman C"]
[Result "1-0"]
[WhiteElo "2579"]
[BlackElo "2391"]
[PlyCount "81"]
[EventDate "2012.03.31"]
[EventType "swiss"]
[EventRounds "9"]
[EventCountry "ARG"]
[Source "lmi"]
[SourceDate "2012.03.31"]

1. d4 Nf6 2. c4 e6 3. Nf3 d5 4. Nc3 Bb4 5. Bg5 h6 6. Bxf6 Qxf6 7. e3 O-O 8. Be2
Nd7 9. O-O dxc4 10. Bxc4 c6 11. Ne4 Qf5 12. Bd3 Qa5 13. a3 Be7 14. Rc1 a6 15.
Bb1 Rd8 16. Ng3 Bd6 17. Ne4 Be7 18. Ng3 Bd6 19. Qc2 g6 20. Rcd1 Bf8 21. h4 Bg7
22. e4 Nf8 23. e5 Bd7 24. Ne4 Be8 25. Qc1 Qc7 26. Nh2 Qe7 27. Qf4 h5 28. Nf3
Nh7 29. Nfg5 Bh6 30. g4 hxg4 31. Qxg4 f5 32. exf6 Nxf6 33. Nxf6+ Qxf6 34. Rfe1
Bxg5 35. hxg5 Qg7 36. Rxe6 Bf7 37. Re7 c5 38. Ba2 Bxa2 39. Rxg7+ Kxg7 40. Qf3
Kh7 41. Rd3 1-0

[Event "43. Abierto Internacional Ciudad de Mar"]
[Site "Mar del Plata ARG"]
[Date "2012.04.05"]
[Round "7.3"]
[White "Garcia Palermo, Carlos"]
[Black "Perelman, Hernan"]
[Result "1-0"]
[WhiteElo "2479"]
[BlackElo "2374"]
[PlyCount "63"]
[EventDate "2012.03.31"]
[EventType "swiss"]
[EventRounds "9"]
[EventCountry "ARG"]
[Source "lmi"]
[SourceDate "2012.03.31"]

1. d4 c5 2. d5 Nf6 3. Nc3 g6 4. e4 d6 5. f4 Bg7 6. Bb5+ Nfd7 7. a4 O-O 8. Nf3
Na6 9. O-O Nc7 10. Bc4 Nb6 11. Bb3 Bg4 12. a5 Nd7 13. Qd3 Bxf3 14. Rxf3 Qb8 15.
e5 b5 16. axb6 Nxb6 17. Ne4 c4 18. Bxc4 Nxc4 19. Qxc4 dxe5 20. f5 Qb7 21. fxg6
fxg6 22. d6+ Qd5 23. Rxf8+ Bxf8 24. Qxd5+ Nxd5 25. d7 Nf6 26. Rxa7 Rd8 27.
Nxf6+ exf6 28. Be3 Kf7 29. Bb6 Ke6 30. Bxd8 Bc5+ 31. Kf1 Bxa7 32. Bxf6 1-0

[Event "43. Abierto Internacional Ciudad de Mar"]
[Site "Mar del Plata ARG"]
[Date "2012.04.05"]
[Round "7.4"]
[White "Amura, Claudia"]
[Black "Tristan, Leonardo"]
[Result "0-1"]
[WhiteElo "2328"]
[BlackElo "2438"]
[PlyCount "110"]
[EventDate "2012.03.31"]
[EventType "swiss"]
[EventRounds "9"]
[EventCountry "ARG"]
[Source "lmi"]
[SourceDate "2012.03.31"]

1. d4 d6 2. e4 Nf6 3. Nc3 g6 4. Nf3 Bg7 5. Be3 a6 6. Qd2 b5 7. Bd3 Bb7 8. a3
Nbd7 9. h3 c5 10. d5 c4 11. Be2 Nc5 12. Bxc5 dxc5 13. Qe3 Qc7 14. Rd1 Nd7 15.
O-O O-O 16. Kh1 e6 17. dxe6 fxe6 18. Ng5 Rae8 19. f4 Nb6 20. e5 Nd5 21. Qg3
Nxc3 22. bxc3 h6 23. Nf3 Qf7 24. Nh4 Be4 25. Rc1 Kh7 26. Qe3 Bd5 27. Qxc5 Qe7
28. Qxe7 Rxe7 29. Kg1 g5 30. fxg5 Rxf1+ 31. Rxf1 Bxe5 32. g6+ Kg7 33. Bf3 Bxf3
34. Rxf3 Bf6 35. g3 Bxh4 36. gxh4 Kxg6 37. Rf8 e5 38. Rb8 Re6 39. a4 bxa4 40.
Rb4 Rc6 41. Rxa4 Kh5 42. Ra5 Kxh4 43. Kh2 Rd6 44. Rxe5 Rd2+ 45. Kg1 Kg3 46. Kf1
Rxc2 47. Re6 h5 48. Rxa6 Rxc3 49. Rg6+ Kxh3 50. Kf2 h4 51. Rc6 Rc1 52. Rc8 c3
53. Ke2 Kh2 54. Kf2 c2 55. Rc4 h3 0-1

[Event "43. Abierto Internacional Ciudad de Mar"]
[Site "Mar del Plata ARG"]
[Date "2012.04.05"]
[Round "7.5"]
[White "Roselli, Bernardo"]
[Black "Bitelmajer, Martin"]
[Result "1-0"]
[WhiteElo "2324"]
[BlackElo "2318"]
[PlyCount "57"]
[EventDate "2012.03.31"]
[EventType "swiss"]
[EventRounds "9"]
[EventCountry "ARG"]
[Source "lmi"]
[SourceDate "2012.03.31"]

1. d4 Nf6 2. c4 e6 3. Nc3 Bb4 4. Qc2 d5 5. cxd5 exd5 6. Bg5 c6 7. e3 Nbd7 8.
Bd3 h6 9. Bh4 Bd6 10. Nge2 Nf8 11. f3 Ne6 12. O-O-O Be7 13. Bf2 Bd7 14. Kb1 c5
15. dxc5 Nxc5 16. Bf5 Be6 17. Nd4 Qc8 18. Nxe6 fxe6 19. Bg6+ Kf8 20. e4 dxe4
21. fxe4 Ncd7 22. Bd4 Bc5 23. Qf2 Bxd4 24. Qxd4 Qc5 25. Qxc5+ Nxc5 26. e5 Ng4
27. Rhe1 Nxh2 28. Bh5 g6 29. Be2 1-0

[Event "43. Abierto Internacional Ciudad de Mar"]
[Site "Mar del Plata ARG"]
[Date "2012.04.05"]
[Round "7.6"]
[White "Orsini, Antonio"]
[Black "Pichot, Alan"]
[Result "1-0"]
[WhiteElo "2352"]
[BlackElo "2269"]
[PlyCount "71"]
[EventDate "2012.03.31"]
[EventType "swiss"]
[EventRounds "9"]
[EventCountry "ARG"]
[Source "lmi"]
[SourceDate "2012.03.31"]

1. d4 Nf6 2. Nf3 c5 3. d5 e6 4. Nc3 exd5 5. Nxd5 Nxd5 6. Qxd5 Nc6 7. Bg5 Be7 8.
O-O-O O-O 9. e4 a6 10. a3 b5 11. Be3 Qb6 12. e5 Bb7 13. Bd3 Rad8 14. Qe4 g6 15.
Qf4 f6 16. exf6 Bxf6 17. Qh6 Bg7 18. Qh4 Ne5 19. Nxe5 Bxe5 20. Rhe1 Rde8 21.
Bh6 Bg7 22. Bxg7 Kxg7 23. Rxe8 Rxe8 24. Bxg6 Qxg6 25. Rxd7+ Kh8 26. Rxb7 Re1+
27. Kd2 Re8 28. Qf4 Qe6 29. Kc3 a5 30. b3 b4+ 31. axb4 axb4+ 32. Kb2 Qa6 33.
Rb8 Qe6 34. Rxe8+ Qxe8 35. Qf6+ Kg8 36. Qg5+ 1-0

[Event "43. Abierto Internacional Ciudad de Mar"]
[Site "Mar del Plata ARG"]
[Date "2012.04.05"]
[Round "7.7"]
[White "Mahia, Gustavo"]
[Black "Paveto, Kevin"]
[Result "1/2-1/2"]
[WhiteElo "2399"]
[BlackElo "2279"]
[PlyCount "104"]
[EventDate "2012.03.31"]
[EventType "swiss"]
[EventRounds "9"]
[EventCountry "ARG"]
[Source "lmi"]
[SourceDate "2012.03.31"]

1. d4 Nf6 2. c4 g6 3. Nc3 d5 4. Bf4 Bg7 5. e3 O-O 6. Nf3 c5 7. dxc5 Qa5 8. Nd2
dxc4 9. Bxc4 Qxc5 10. O-O Nc6 11. Qe2 Nh5 12. Nde4 Nxf4 13. exf4 Qa5 14. Rad1
Bf5 15. Ng5 h6 16. Nge4 Rad8 17. Rxd8 Rxd8 18. Rd1 Rxd1+ 19. Qxd1 Qb4 20. Qb3
Bxe4 21. Qxb4 Nxb4 22. Nxe4 Bxb2 23. Nc5 b5 24. Bxb5 Nxa2 25. Nd3 Bd4 26. Ba6
Nc3 27. g4 Kg7 28. Kg2 Kf6 29. Kf3 g5 30. h3 e6 31. Kg2 Nd5 32. fxg5+ hxg5 33.
Kg3 e5 34. f3 Nc7 35. Bc4 a5 36. h4 gxh4+ 37. Kxh4 a4 38. g5+ Kg6 39. Kg4 a3
40. f4 e4 41. f5+ Kg7 42. Nb4 Be3 43. Nc2 Bc1 44. Nd4 Ne8 45. f6+ Kg6 46. Bd5
Nd6 47. Nc2 Bxg5 48. Nxa3 Bxf6 49. Nc2 Be5 50. Ne3 Bd4 51. Nf5 Nxf5 52. Bxe4
Kf6 1/2-1/2

[Event "43. Abierto Internacional Ciudad de Mar"]
[Site "Mar del Plata ARG"]
[Date "2012.04.05"]
[Round "7.8"]
[White "Hobaica, Juan Pablo"]
[Black "Leskovar, Matias"]
[Result "0-1"]
[WhiteElo "2395"]
[BlackElo "2256"]
[PlyCount "74"]
[EventDate "2012.03.31"]
[EventType "swiss"]
[EventRounds "9"]
[EventCountry "ARG"]
[Source "lmi"]
[SourceDate "2012.03.31"]

1. c4 Nf6 2. Nc3 e6 3. d4 d5 4. Bg5 Be7 5. e3 c6 6. Qc2 Nbd7 7. Nf3 O-O 8. Bd3
dxc4 9. Bxc4 b5 10. Bd3 Bb7 11. O-O Rc8 12. e4 b4 13. Na4 c5 14. Bxf6 gxf6 15.
d5 c4 16. Be2 f5 17. Bxc4 exd5 18. exd5 Bxd5 19. Nd2 Ne5 20. b3 Nxc4 21. bxc4
Bc6 22. Nb2 Bc5 23. Kh1 Qg5 24. f3 Be3 25. Rfd1 Rce8 26. Nf1 Bxf3 27. Nxe3 Bxd1
28. Nbxd1 f4 29. Nf1 Re1 30. Qf2 Rfe8 31. Rb1 Qg6 32. Rb3 Rxd1 33. Qxf4 Re4 34.
Qb8+ Kg7 35. Rf3 Re2 36. Qg3 Qxg3 37. hxg3 Rxa2 0-1

[Event "43. Abierto Internacional Ciudad de Mar"]
[Site "Mar del Plata ARG"]
[Date "2012.04.05"]
[Round "7.9"]
[White "Ricardi, Pablo"]
[Black "Zuriel, Marisa"]
[Result "1-0"]
[WhiteElo "2504"]
[BlackElo "2258"]
[PlyCount "79"]
[EventDate "2012.03.31"]
[EventType "swiss"]
[EventRounds "9"]
[EventCountry "ARG"]
[Source "lmi"]
[SourceDate "2012.03.31"]

1. e4 c5 2. Nf3 d6 3. d4 cxd4 4. Nxd4 Nf6 5. Nc3 a6 6. Be3 e6 7. Qe2 b5 8. f3
Nbd7 9. g4 Nb6 10. Qf2 Nfd7 11. h4 Bb7 12. g5 Rc8 13. Bh3 b4 14. Nce2 e5 15.
Nb3 Rxc2 16. Kd1 Rc8 17. Bxb6 Nxb6 18. Bxc8 Nxc8 19. Ng3 g6 20. Kc2 Be7 21.
Rad1 a5 22. Kb1 O-O 23. Qh2 h5 24. gxh6 Kh7 25. Qg2 Qb6 26. h5 a4 27. Nc1 Rg8
28. Qh3 a3 29. hxg6+ Rxg6 30. Qf5 Qf2 31. Nce2 Bf6 32. Qd7 Ne7 33. Rdf1 Qb6 34.
Qe8 Ba6 35. Qxf7+ Kh8 36. h7 Bd3+ 37. Ka1 axb2+ 38. Kxb2 Qd8 39. Rd1 Bb5 40.
Rxd6 1-0

[Event "43. Abierto Internacional Ciudad de Mar"]
[Site "Mar del Plata ARG"]
[Date "2012.04.05"]
[Round "7.10"]
[White "Lujan, Carolina"]
[Black "Anino, Sergio"]
[Result "1-0"]
[WhiteElo "2364"]
[BlackElo "2219"]
[PlyCount "77"]
[EventDate "2012.03.31"]
[EventType "swiss"]
[EventRounds "9"]
[EventCountry "ARG"]
[Source "lmi"]
[SourceDate "2012.03.31"]

1. e4 e5 2. Nf3 Nc6 3. Bc4 Bc5 4. d3 d6 5. c3 Nf6 6. Bb3 Bb6 7. h3 Ne7 8. Nbd2
c6 9. Nf1 Ng6 10. Ng3 O-O 11. O-O h6 12. d4 Re8 13. Bc2 Qc7 14. Re1 Be6 15. Be3
c5 16. d5 Bd7 17. c4 Ba5 18. Rf1 Nf4 19. Nh4 g6 20. Qf3 Qd8 21. Ne2 N6h5 22.
Bxf4 Nxf4 23. Nxf4 exf4 24. Qxf4 g5 25. Qg3 Qf6 26. f4 Qg7 27. fxg5 Re5 28. Nf3
Rae8 29. Nxe5 Rxe5 30. g6 fxg6 31. Rf2 Bc7 32. Raf1 Be8 33. Qf4 Re7 34. Qf8+
Qxf8 35. Rxf8+ Kg7 36. R8f6 Re5 37. Ba4 Bd8 38. Rf8 Bxa4 39. R1f7# 1-0

[Event "43. Abierto Internacional Ciudad de Mar"]
[Site "Mar del Plata ARG"]
[Date "2012.04.06"]
[Round "8.1"]
[White "Flores, Diego"]
[Black "Garcia Palermo, Carlos"]
[Result "1/2-1/2"]
[WhiteElo "2599"]
[BlackElo "2479"]
[PlyCount "45"]
[EventDate "2012.03.31"]
[EventType "swiss"]
[EventRounds "9"]
[EventCountry "ARG"]
[Source "lmi"]
[SourceDate "2012.03.31"]

1. c4 Nf6 2. Nc3 e5 3. Nf3 Nc6 4. g3 d5 5. cxd5 Nxd5 6. Bg2 Nb6 7. O-O Be7 8.
a3 O-O 9. b4 Re8 10. Rb1 Bf8 11. d3 a5 12. b5 Nd4 13. Nd2 a4 14. e3 Ne6 15. Nf3
Nc5 16. d4 exd4 17. Nxd4 Qg5 18. e4 Qg6 19. Bf4 Ne6 20. Nxe6 Bxe6 21. Bxc7 Rec8
22. Bxb6 Rxc3 23. Qd4 1/2-1/2

[Event "43. Abierto Internacional Ciudad de Mar"]
[Site "Mar del Plata ARG"]
[Date "2012.04.06"]
[Round "8.3"]
[White "Tristan, Leonardo"]
[Black "Roselli, Bernardo"]
[Result "1-0"]
[WhiteElo "2438"]
[BlackElo "2423"]
[PlyCount "57"]
[EventDate "2012.03.31"]
[EventType "swiss"]
[EventRounds "9"]
[EventCountry "ARG"]
[Source "lmi"]
[SourceDate "2012.03.31"]

1. d4 Nf6 2. c4 g6 3. Nc3 Bg7 4. e4 d6 5. f4 O-O 6. Nf3 Na6 7. Bd3 Bg4 8. Be3
e5 9. fxe5 dxe5 10. d5 c5 11. h3 Bxf3 12. Qxf3 Ne8 13. h4 f5 14. exf5 Nd6 15.
g4 Qb6 16. Ne4 gxf5 17. Nxd6 Qxd6 18. Bxf5 e4 19. Qxe4 Bxb2 20. Qe6+ Qxe6 21.
Bxe6+ Kg7 22. Rb1 Bc3+ 23. Ke2 b6 24. Rhf1 Be5 25. Rf5 Bd4 26. Rbf1 Rxf5 27.
Rxf5 Bxe3 28. Rf7+ Kh8 29. Kxe3 1-0

[Event "43. Abierto Internacional Ciudad de Mar"]
[Site "Mar del Plata ARG"]
[Date "2012.04.06"]
[Round "8.4"]
[White "Lujan, Carolina"]
[Black "Rodriguez, Andres"]
[Result "0-1"]
[WhiteElo "2364"]
[BlackElo "2518"]
[PlyCount "72"]
[EventDate "2012.03.31"]
[EventType "swiss"]
[EventRounds "9"]
[EventCountry "ARG"]
[Source "lmi"]
[SourceDate "2012.03.31"]

1. e4 e6 2. d4 d5 3. exd5 exd5 4. Bf4 c5 5. Nc3 Nf6 6. Bb5+ Nc6 7. Qe2+ Be6 8.
Nf3 Be7 9. Ne5 Qc8 10. dxc5 O-O 11. Bxc6 bxc6 12. Na4 Ne4 13. O-O Nxc5 14. Nxc5
Bxc5 15. c3 Re8 16. Qd2 a5 17. b4 Bf8 18. a3 Bf5 19. Nd3 Qa6 20. Rad1 Qc4 21.
Ne5 Qb5 22. Rfe1 Qa4 23. Qc1 Rac8 24. Rd4 Qb3 25. Re3 c5 26. c4 Qa4 27. Rxd5
cxb4 28. axb4 axb4 29. Nxf7 Be6 30. Nd6 Bxd5 31. Rxe8 Rxe8 32. Nxe8 b3 33. h3
Qxc4 34. Nc7 Qxc1+ 35. Bxc1 Bc4 36. Bb2 g6 0-1

[Event "43. Abierto Internacional Ciudad de Mar"]
[Site "Mar del Plata ARG"]
[Date "2012.04.06"]
[Round "8.5"]
[White "Paveto, Kevin"]
[Black "Ricardi, Pablo"]
[Result "1-0"]
[WhiteElo "2279"]
[BlackElo "2504"]
[PlyCount "79"]
[EventDate "2012.03.31"]
[EventType "swiss"]
[EventRounds "9"]
[EventCountry "ARG"]
[Source "lmi"]
[SourceDate "2012.03.31"]

1. e4 c5 2. Nf3 d6 3. d4 cxd4 4. Nxd4 Nf6 5. Nc3 a6 6. Be3 e6 7. Be2 Be7 8. O-O
O-O 9. f4 Nc6 10. Bf3 Qc7 11. Kh1 Rb8 12. a4 Re8 13. Qe1 Bf8 14. Qg3 Bd7 15.
Rad1 Rbc8 16. e5 dxe5 17. fxe5 Qxe5 18. Bf4 Qc5 19. Nb3 Qb4 20. Bg5 Nd5 21.
Rxd5 exd5 22. Nxd5 Qc4 23. Nf6+ gxf6 24. Bxf6+ Bg4 25. Nd2 Qxc2 26. Bxg4 Qg6
27. Qh3 Rcd8 28. Bh5 Qxf6 29. Rxf6 Rxd2 30. Bxf7+ Kh8 31. Rf1 Rf2 32. g3 Rxf1+
33. Qxf1 Rb8 34. Bd5 Ne5 35. Bxb7 Bg7 36. Qxa6 Rd8 37. Bd5 Ng4 38. a5 Nf2+ 39.
Kg2 Nd1 40. Qe2 1-0

[Event "43. Abierto Internacional Ciudad de Mar"]
[Site "Mar del Plata ARG"]
[Date "2012.04.06"]
[Round "8.6"]
[White "Mahia, Gustavo"]
[Black "Orsini, Antonio"]
[Result "1/2-1/2"]
[WhiteElo "2399"]
[BlackElo "2352"]
[PlyCount "87"]
[EventDate "2012.03.31"]
[EventType "swiss"]
[EventRounds "9"]
[EventCountry "ARG"]
[Source "lmi"]
[SourceDate "2012.03.31"]

1. d4 e6 2. Nf3 Nf6 3. g3 b5 4. Bg2 Bb7 5. O-O Be7 6. a4 b4 7. Nbd2 O-O 8. Re1
Ne4 9. Ne5 f5 10. Nb3 a5 11. f3 Nf6 12. Nd3 d6 13. e4 Re8 14. e5 dxe5 15. dxe5
Nd5 16. Ndc5 Bc8 17. f4 c6 18. Qd4 Na6 19. c4 Nxc5 20. Nxc5 Nxf4 21. Qxf4 Bxc5+
22. Be3 Qb6 23. Qf2 Bxe3 24. Qxe3 Qxe3+ 25. Rxe3 Rd8 26. Bxc6 Ra7 27. Kf2 Rc7
28. Bb5 Bb7 29. Ke2 Be4 30. Rd1 Rxd1 31. Kxd1 Rc5 32. Kd2 Kf7 33. Re1 Rxe5 34.
Bc6 Kf6 35. Bxe4 Rxe4 36. Rxe4 fxe4 37. Ke3 Ke5 38. b3 h5 39. h4 g6 40. Ke2 Kd4
41. Kd2 e3+ 42. Ke2 Ke4 43. Ke1 Kd4 44. Ke2 1/2-1/2

[Event "43. Abierto Internacional Ciudad de Mar"]
[Site "Mar del Plata ARG"]
[Date "2012.04.06"]
[Round "8.8"]
[White "Mellano, Santiago"]
[Black "Hobaica, Juan Pablo"]
[Result "1-0"]
[WhiteElo "2226"]
[BlackElo "2395"]
[PlyCount "113"]
[EventDate "2012.03.31"]
[EventType "swiss"]
[EventRounds "9"]
[EventCountry "ARG"]
[Source "lmi"]
[SourceDate "2012.03.31"]

1. d4 d5 2. Nf3 Nf6 3. c4 c6 4. e3 a6 5. Bd3 b5 6. b3 Bg4 7. Nbd2 Nbd7 8. Qc2
e6 9. O-O Bd6 10. Bb2 Qb8 11. h3 Bh5 12. Ne5 Nxe5 13. dxe5 Bxe5 14. Bxe5 Qxe5
15. cxb5 cxb5 16. a4 O-O 17. axb5 axb5 18. Rxa8 Rxa8 19. Bxb5 g5 20. Bd3 Rb8
21. Rc1 Kg7 22. Qc7 Qxc7 23. Rxc7 Bd1 24. Bc2 Ne8 25. Rc6 Bxc2 26. Rxc2 Kf6 27.
Kf1 Ke7 28. e4 dxe4 29. Nxe4 h6 30. Rc3 f5 31. Nd2 Rb7 32. Rc8 Kd7 33. Ra8 Rc7
34. Nc4 Rb7 35. Rxe8 Rxb3 36. Rh8 Rb4 37. Ne3 Rh4 38. f3 Ke7 39. Rc8 Ra4 40.
Rc2 h5 41. Kf2 h4 42. Nf1 Kf6 43. Ne3 Ra5 44. Nc4 Ra6 45. Ke3 Ra1 46. Kd4 Rd1+
47. Rd2 Re1 48. Ne3 Ra1 49. Re2 Ra8 50. Kc5 Rd8 51. Kc6 Rd4 52. Kc5 Rd8 53. Nc4
Rd5+ 54. Kc6 Ke7 55. Rd2 Rxd2 56. Nxd2 g4 57. Nc4 1-0

[Event "43. Abierto Internacional Ciudad de Mar"]
[Site "Mar del Plata ARG"]
[Date "2012.04.06"]
[Round "8.9"]
[White "Van Riemsdijk, Herman C"]
[Black "Di Muro, Matias"]
[Result "1-0"]
[WhiteElo "2391"]
[BlackElo "2255"]
[PlyCount "73"]
[EventDate "2012.03.31"]
[EventType "swiss"]
[EventRounds "9"]
[EventCountry "ARG"]
[Source "lmi"]
[SourceDate "2012.03.31"]

1. e4 c5 2. Nf3 Nc6 3. Nc3 Nf6 4. Bb5 d6 5. e5 dxe5 6. Nxe5 Qc7 7. Nxc6 bxc6 8.
Qf3 Bb7 9. Bc4 e6 10. d3 Bd6 11. Be3 O-O 12. h4 Nd5 13. Ne4 Rae8 14. O-O-O f5
15. Nxd6 Qxd6 16. h5 e5 17. g4 f4 18. Bd2 Bc8 19. Qe2 Kh8 20. f3 Re7 21. Bb3
Rfe8 22. Rhe1 a5 23. Qf2 Nb4 24. a3 Nd5 25. Re4 Be6 26. Rde1 Bg8 27. Bxa5 Rb8
28. Bc4 Reb7 29. Bc3 Nxc3 30. bxc3 Bd5 31. Bxd5 cxd5 32. Rxe5 Qc6 33. Qe2 Rb1+
34. Kd2 Rxe1 35. Kxe1 h6 36. Re6 Qb5 37. Qe5 1-0